| 000 | 03725cam a22012374i 4500 | ||
|---|---|---|---|
| 003 | PE-LiUPU | ||
| 005 | 20250813185621.0 | ||
| 008 | 150706s r 000 0 d | ||
| 020 | _a9780829758368 | ||
| 035 | _a(Sirsi) i9780829758368 | ||
| 040 |
_aPE-LiUPU _bspa _cPE-LiUPU _erda |
||
| 049 | _aPRUA | ||
| 082 | 0 | 4 |
_a362.73092 _bM66 _221 |
| 100 | 1 |
_aMitchell, R. B. , _eautor. |
|
| 245 | 1 | 0 |
_aSolo una vida en busca de esperanza y un hogar / _cR.B. Mitchell. |
| 264 | 1 |
_aMiami, Florida : _bVida, _c2011. |
|
| 300 |
_a231 páginas : _bilustraciones fotos ; _c22 cm. |
||
| 336 |
_atext _2rdacontent |
||
| 337 |
_aunmediated _2rdamedia |
||
| 338 |
_avolume _2rdacarrier |
||
| 505 | 0 | _a¿Es esta historia real? -- Abandonado -- Los niños más pequeños -- El tornado -- diferentes -- Secuestrado por mi madre -- Los médicos -- El regalo de Gigi -- La decisión -- Atlanta -- ¡Podre vivir con ellos? -- ¿Por qué? -- Ingresos propios -- El reencuentro -- Algunos hombres buenos -- El rebelde -- Una mala racha -- El salvavidas -- Dios, ¿realmente existes? -- Un nuevo comienzo -- El primer año en la universidad -- Un hogar -- La revelación -- De voluntario en África -- ¿Perdonar? -- Mi abuela Pauline -- Mi padre -- Mi madre -- Los niños perdidos -- El encuentro con Susan -- El noviazgo -- Separados -- Temor o formar una familia -- El fin de un ciclo. | |
| 526 | _aP202 | ||
| 526 | _aP201 | ||
| 526 | _aP163 | ||
| 526 | _aP162 | ||
| 526 | _aP161 | ||
| 526 | _aP160 | ||
| 526 | _aP148 | ||
| 526 | _aP147 | ||
| 526 | _aP146 | ||
| 526 | _aP145 | ||
| 526 | _aP144 | ||
| 526 | _aP143 | ||
| 526 | _aP142 | ||
| 526 | _aP141 | ||
| 526 | _aP140 | ||
| 526 | _aP139 | ||
| 526 | _aP138 | ||
| 526 | _aP137 | ||
| 526 | _aP136 | ||
| 526 | _aP135 | ||
| 526 | _aP134 | ||
| 526 | _aP133 | ||
| 526 | _aP129 | ||
| 526 | _aP128 | ||
| 526 | _aP127 | ||
| 526 | _aP120 | ||
| 526 | _aP119 | ||
| 526 | _aP118 | ||
| 526 | _aP116 | ||
| 526 | _aP115 | ||
| 526 | _aP114 | ||
| 526 | _aP110 | ||
| 526 | _aP109 | ||
| 526 | _aP108 | ||
| 526 | _aP104 | ||
| 526 | _aP103 | ||
| 526 | _aP102 | ||
| 526 | _aP99 | ||
| 526 | _aP98 | ||
| 526 | _aP97 | ||
| 526 | _aP96 | ||
| 526 | _aP95 | ||
| 526 | _aP93 | ||
| 526 | _aP90 | ||
| 526 | _aP89 | ||
| 526 | _aP88 | ||
| 526 | _aP83 | ||
| 526 | _aP82 | ||
| 526 | _aP62 | ||
| 526 | _aP59 | ||
| 526 | _aP58 | ||
| 526 | _aP57 | ||
| 526 | _aP51 | ||
| 526 | _aP49 | ||
| 526 | _aP48 | ||
| 526 | _aP47 | ||
| 526 | _aP29 | ||
| 526 | _aP24 | ||
| 526 | _aP20 | ||
| 526 | _aP19 | ||
| 526 | _aP17 | ||
| 526 | _aP15 | ||
| 526 | _aP14 | ||
| 526 | _aP12 | ||
| 526 | _aP10 | ||
| 526 | _aP09 | ||
| 526 | _aP08 | ||
| 526 | _aP07 | ||
| 526 | _aP06 | ||
| 526 | _aP05 | ||
| 526 | _aP04 | ||
| 526 | _aP01 | ||
| 541 | _g001-0000622; | ||
| 600 | 1 |
_aMitchell, R. B. _d1954-. _qRobert Bivings |
|
| 650 | 0 | 4 |
_aHuérfanos _zIllinois _vBiografía. |
| 650 | 0 | 4 |
_aNiños _xAtención institucional _zIllinois _vEstudio de casos. |
| 650 | 0 | 4 |
_aRechazo parental _zIllinois _vEstudio de casos. |
| 650 | 0 | 4 |
_aHijos adultos de familias disfuncionales _vBiografía. |
| 910 |
_clch _d20130508 |
||
| 942 |
_2ddc _cBOOK |
||
| 949 |
_a362.73092 M66 _wDEWEY _c1 _i67037 _lCCODEBUL1 _mBUL _p15.00 _r0 _sY _tBOOK _u2015-7-6 _xTEOLOGIA _PP35 _o.STAFF. Colección General |
||
| 994 |
_aC0 _bPEPRU |
||
| 596 | _a1 | ||
| 999 |
_a362.73092 M66 _wDEWEY _c54743 _i67037 _d54743 _e2018-9-7 _f2021-11-5 _g6 _lCCODEBUL1 _mBUL _n2 _p15.00 _r0 _sY _tBOOK _u2015-7-6 _xBIBLIOTECA _PP35 _0COMPRA _o.STAFF. Colección General |
||
| 980 |
_81 _gALBERTO SANCHEZ Responsable de Automatización |
||